Top Countries GDP vs PPP - Statistics

General Stats
  • This quiz has been taken 25 times
  • The average score is 20 of 40
Answer Stats
Nominal GDP Answer % Correct
#1 United States
95%
#2 China
84%
#3 Germany
79%
#7 France
74%
#4 India
74%
#8 Italy
74%
#5 Japan
74%
#6 United Kingdom
74%
#9 Canada
68%
#1 China
63%
#6 Germany
63%
#3 India
63%
#5 Japan
63%
#4 Russia
58%
#2 United States
58%
#9 France
53%
#10 United Kingdom
53%
#11 Italy
47%
#11 Russia
47%
#12 Spain
47%
#10 Brazil
42%
#8 Brazil
42%
#7 Indonesia
42%
#15 Mexico
42%
#13 South Korea
42%
#12 Turkey
42%
#14 Australia
37%
#17 Indonesia
37%
#13 Mexico
37%
#18 Netherlands
37%
#20 Poland
37%
#14 South Korea
37%
#16 Turkey
37%
#20 Australia
32%
#19 Poland
32%
#19 Saudi Arabia
32%
#15 Spain
32%
#16 Canada
26%
#17 Egypt
26%
#18 Saudi Arabia
21%
No matching quizzes found
Score Distribution
Percent of People with Each Score
Percentile by Number Answered
Your Score History
You have not taken this quiz